CONOCIMIENTO Y CIENCIAS SOCIALES/

Na minha lista:
Detalhes bibliográficos
Autor principal: Tierno Galván, Enrique (autor)
Formato: Livro
Colecção:SOCIOLOGIA
Assuntos:
Tags: Adicionar Tag
Sem tags, seja o primeiro a adicionar uma tag!

MARC

LEADER 00000nam^a2200000^a^4500
001 000219914
005 20250521000000.0
009 20260310103830.967
035 |a 019420 
037 |a Acervo Xavier Clavigero 
082 |a 306. 4 TIE 
100 |a Tierno Galván, Enrique  |e (autor) 
245 1 0 |a CONOCIMIENTO Y CIENCIAS SOCIALES/  |c ENRIQUE TIERNO GALVAN 
264 |a MADRID :  |b TECNOS,  |c 1966 
300 |a 235p. 
336 |a texto  |b txt  |2 rdacontenido 
337 |a sin mediación  |b n  |2 rdamedio 
338 |a volumen  |b nc  |2 rdasoporte 
440 |a SOCIOLOGIA 
649 |a XX 
650 |a Sociología del Conocimiento 
910 |a Fondo General 
920 |a Impresos - Libros 
930 |a Colección General 
905 |a 101 
901 |a 019420  |b IT1  |c ACC  |i 019420  |u 20250521 
902 |a https://opac.biblio.iteso.mx/vufind/Record/000219914